• 首页
  • 本馆介绍
  • 公告通知
  • 最新文献
  • 馆藏检索
  • 电子资源
  • 读者导购
  • 参考咨询
  • 我的图书馆
  • 登录
  • 详细信息显示
  • 放入我的书架
  • 预约/预借图书
  • 作者相关作品
  • 分类相关作品
  • 丛书相关作品
  • 出版社相关作品

书目信息

  • 表格格式
  • 工作单格式
  • 卡片格式
题名:
城市土地管理
    
 
作者: 王大武 , 林登阁 主编
分册:  
出版信息: 长春   吉林人民出版社  2005
页数: 232页
开本: 26cm
丛书名:
单 册:
中图分类: F293.2
科图分类:
主题词: 城市--土地管理 , 城市 , 土地管理
电子资源:
ISBN: 7-206-03051-3
000 00826nam0 2200289 45
001 012006040704
005 20070104161059.40
010    @a7-206-03051-3@dCNY37.50
092    @aCN@b489752
100    @a20060407d2005 em y0chiy0120 ea
101 0  @achi
102    @aCN@b220000
105    @ay z 000yy
200 1  @a城市土地管理@9cheng shi tu di guan li@f王大武,林登阁主编
205    @a2版
210    @a长春@c吉林人民出版社@d2005
215    @a232页@d26cm
320    @a有书目
330    @a本书内容:土地管理的基础知识、土地权属管理、地籍管理、地籍测量、土地面积的量算等。
606 0  @a城市@x土地管理
606 0  @a城市
606 0  @a土地管理
690    @aF293.2@v4
701  0 @a王大武@9wang da wu@4主编
701  0 @a林登阁@9lin deng ge@4主编
801  0 @aCN@bLZJBOOK@c20070104
905    @a10447@dF293.2@e388=2
    
    城市土地管理/王大武,林登阁主编.-2版.-长春:吉林人民出版社,2005
    232页;26cm
    
    
    ISBN 7-206-03051-3:CNY37.50
    本书内容:土地管理的基础知识、土地权属管理、地籍管理、地籍测量、土地面积的量算等。
●
相关链接 在E读中查询图书 在五车中查询图书 在当当中查询图书 在豆瓣中查询图书


正题名:城市土地管理     索取号:F293.2/388=2         预约/预借

序号 登录号 条形码 馆藏地/架位号 状态 备注
1 0563653   205636533   第一样本阅览室/ [索取号:F293.2/388=2] 在馆    
2 0563654   205636542   第一借阅区/ [索取号:F293.2/388=2] 在馆    
3 0563655   205636551   第一借阅区/ [索取号:F293.2/388=2] 在馆    
4 0563656   205636560   密集书库/ [索取号:F293.2/388=2] 在馆    
5 0563657   205636579   密集书库/ [索取号:F293.2/388=2] 在馆    
6 0563658   205636588   密集书库/ [索取号:F293.2/388=2] 在馆    
7 0563659   205636597   第一借阅区/ [索取号:F293.2/388=2] 在馆    
8 0563660   205636604   第一借阅区/ [索取号:F293.2/388=2] 在馆    
唐山师范学院图书馆 欢迎您!
大连网信软件有限公司© 版权所有